Colour your life:how to use the right colours to achieve balance, health and happiness

Uloženo v:
Podrobná bibliografie
Hlavní autor: Sun,Howard
Médium: Kniha
Vydáno: Piatkus
Tagy: Přidat tag
Žádné tagy, Buďte první, kdo otaguje tento záznam!
LEADER 00791cam a22001937a 4500
001 (Sirsi) i9780749956752
005 20190330162026.0
008 190219n xx ||||||||||||||||| |d
020 |a 9780749956752 
040 |a SMLIBRARY  |b eng  |c SMLIBRARY  |e AACR2 
100 |a Sun,Howard 
245 1 |a Colour your life:how to use the right colours to achieve balance, health and happiness 
260 |b Piatkus 
901 |a 158.1 SUN  |i TEMP000979  |m SMLIBRARY  |l ADULT  |t BOOK  |p 57.31  |x ADULT  |z ANFIC  |u 22/11/2013 
903 |a SMLNEWITEM 
904 |a 1 
942 |2 ddc  |c BOOK 
952 |0 0  |1 0  |2 ddc  |4 0  |6 158_100000000000000_SUN  |7 0  |8 ADULT | ANFIC  |9 35548  |a SMLIBRARY  |b SMLIBRARY  |c ADULT  |d 2013-11-22  |g 57.31  |l 1  |o 158.1 SUN  |p BK10023340B  |r 2019-09-05 00:00:00  |s 2019-08-16  |t 1  |v 57.31  |w 2019-06-25  |y ADULTBOOK 
999 |c 30100  |d 30100